| 000 | 00657nam a22001937a 4500 | ||
|---|---|---|---|
| 005 | 20251108164226.0 | ||
| 008 | 250721s9999 xx 000 0 ara d | ||
| 082 | 1 | 4 | _a618.2/تشا |
| 100 | 1 | _aتشامبرلين، جي | |
| 245 | 1 | 0 | _aالموجز الإرشادي عن طب التوليد / |
| 264 | 1 |
_aالكويت : _bالمركز العربي للوثائق و المطبوعات الصحية اكمل، |
|
| 300 | _a436ص | ||
| 490 | 0 | _aسلسلة الموجزات الأرشادية | |
| 650 | 1 | 7 | _aالولادة |
| 650 | 1 | 7 | _aالأمراض النسائية |
| 700 | 1 |
_aوالي، حافظ _eترجمة |
|
| 942 |
_2ddc _cBK |
||
| 999 |
_c6842 _d6842 |
||